James Tobin a jeho prínos k rozvoju peňažnej teórie

Životopis Jamesa Tobina. Prínos J. Tobina pre teóriu peňazí a pre ďalšie oblasti súčasnej ekonomickej teórie ako sú teória spotreby, teória ekonomického rastu, problémy inflácie a nezamestnanosti a otázky zdanenia špekulačných medzinárodných operácií.

Guardado en:
Detalles Bibliográficos
Autor principal: Gonda, Vladimír
Formato: Capítulo de libro
Lenguaje:eslovaco
Materias:
Etiquetas: Agregar Etiqueta
Sin Etiquetas, Sea el primero en etiquetar este registro!

MARC

LEADER 00000naa a2200000 4500
001 r048421
005 20230929124553.8
041 0 |a slo 
044 |a CZ 
245 1 0 |a James Tobin a jeho prínos k rozvoju peňažnej teórie  |c Vladimír Gonda 
520 |a Životopis Jamesa Tobina. Prínos J. Tobina pre teóriu peňazí a pre ďalšie oblasti súčasnej ekonomickej teórie ako sú teória spotreby, teória ekonomického rastu, problémy inflácie a nezamestnanosti a otázky zdanenia špekulačných medzinárodných operácií. 
610 2 0 |a teórie ekonomické 
610 2 0 |a životopisy 
610 2 0 |a teória peňažná 
610 2 0 |a teória spotreby 
610 2 0 |a teória inflácie 
610 2 0 |a rast hospodársky 
610 2 0 |a zdaňovanie 
610 2 0 |a Tobin, J. 
100 1 |a Gonda, Vladimír